Nicolas y Alejandra

Đã lưu trong:
Chi tiết về thư mục
Tác giả chính: Massie, Robert K. (autor)
Định dạng: Sách
Ngôn ngữ:Tiếng Tây Ban Nha
Được phát hành: Buenos Aires Javier Vergara 1992
Loạt:Colección Biografía e Historia
Những chủ đề:
Các nhãn: Thêm thẻ
Không có thẻ, Là người đầu tiên thẻ bản ghi này!

MARC

LEADER 00000nam a2200000 a 4500
001 UCZ0332
003 CL-VaPUC
008 950728e19920000AG |||||||||||||||||spa|d
082 0 4 |a 923  |b MAS  |2 21 
100 |a Massie, Robert K.  |e autor  |9 588255 
245 1 0 |a Nicolas y Alejandra 
300 |a 557 p 
942 |c BK 
945 |d 19950728 00:00:00  |a rbrito 
260 |a Buenos Aires  |b Javier Vergara  |c 1992 
600 0 |a Nicolás II,  |c Emperador de Rusia  |d 1868-1918  |9 343089 
600 0 7 |a FEDOROVNA, ALEJANDRA  |2 CL-VaPUC  |9 343090 
650 0 |a Historia de Rusia  |9 343091 
650 0 |a Biografías  |9 255210 
650 7 |a MONARQUIA RUSA  |2 CL-VaPUC  |9 343092 
583 |a last modification  |c 20150113 05:32:34  |k Rodrigo Vera 
490 0 |a Colección Biografía e Historia 
999 |c 237278  |d 237276 
952 |0 0  |1 0  |4 0  |6 923_000000000000000_MAS_1992  |7 0  |8 A  |9 246184  |a BIBCUR  |b BIBCUR  |d 2019-11-18  |i 3109186  |o 923 MAS 1992  |p 3109186  |r 2025-04-22  |w 2019-11-18  |y BK  |k PER 
952 |0 0  |1 0  |4 0  |6 923_000000000000000_MAS_1992  |7 0  |8 A  |9 246185  |a BIBCUR  |b BIBCUR  |d 2019-11-18  |i 3109194  |l 1  |o 923 MAS 1992  |p 3109194  |r 2025-04-22  |s 2022-11-11  |w 2019-11-18  |y BK  |k PER